000 00864 a2200217 4500
999 _c10501
_d10501
020 _a9780128180402
020 _a0128180404
050 0 0 _aSH380.6 SOM 2019
100 1 _aSamocha, Tzachi Matzliach,
_eauthor.
245 1 0 _aSustainable biofloc systems for marine shrimp /
_cTzachi Matzliach Samocha.
264 1 _aLondon ;
_aSan Diego, CA:
_bAcademic Press :
_bElsevier,
_c♭2019
300 _axxxi, 431 pages :
_billustrations ;
500 _aIncludes bibliographical references and index.
504 _aIncludes bibliographical references and index.
650 0 _aShrimp culture.
650 0 _aShrimp fisheries.
650 7 _aShrimp culture.
650 7 _aShrimp fisheries.
942 _2lcc
_cBK
_h380.6
_iSOM
_kSH